China Cities Map Quiz - Statistics

General Stats
  • This quiz has been taken 423 times
  • The average score is 19 of 36
Answers on the Map
Answers color-coded by a green-red scale on the quiz's map according to % correct below.
 
Answer Stats
Answer % Correct
Beijing
北京
85%
Harbin
哈尔滨
78%
Taipei
台北
75%
Tianjin
天津
73%
Shanghai
上海
72%
Hong Kong
香港
71%
Ürümqi
乌鲁木齐
71%
Chongqing
重庆
70%
Chengdu
成都
68%
Guangzhou
广州
68%
Xi'an
西安
68%
Dalian
大连
65%
Shenzhen
深圳
65%
Wuhan
武汉
64%
Qingdao
青岛
62%
Shenyang
沈阳
62%
Kunming
昆明
61%
Nanjing
南京
60%
Hangzhou
杭州
52%
Xiamen
厦门
50%
Changchun
长春
39%
Dongguan
东莞
38%
Changsha
长沙
37%
Jinan
济南
37%
Guiyang
贵阳
36%
Shijiazhuang
石家庄
36%
Taiyuan
太原
35%
Hefei
合肥
34%
Zhengzhou
郑州
34%
Fuzhou
福州
33%
Suzhou
苏州
33%
Nanchang
南昌
30%
Ningbo
宁波
29%
Wenzhou
温州
28%
Quanzhou
泉州
23%
Wuxi
无锡
21%
No matching quizzes found
Score Distribution
Percent of People with Each Score
Percentile by Number Answered
Your Score History
You have not taken this quiz